000
00482nam a2200157Ia 4500
008
100122s9999 xx 000 0 und d
082
_b
45449
_a
110
100
_a
बेलसरे केशव वि
245
_a
अध्यात्मदर्शन
250
_a
2
260
_b
त्रिदल प्रकाशन
_c
1991
300
_a
488
630
_a
अध्यात्मदर्शन
730
_a
अध्यात्मदर्शन
942
_c
BOOK
999
_c
424918
_d
424915